Phospholipid and fatty acid composition of outer and inner membranes of plant mitochondria (Record no. 45457)

MARC details
000 -LEADER
fixed length control field 00413nam a2200145Ia 4500
100 ## - MAIN ENTRY--AUTHOR NAME
Personal name Moreau F
245 #0 - TITLE STATEMENT
Title Phospholipid and fatty acid composition of outer and inner membranes of plant mitochondria
260 ## - PUBLICATION, DISTRIBUTION, ETC. (IMPRINT)
Name of publisher Biochemica et Biophysica Acta
Year of publication 1974
300 ## - PHYSICAL DESCRIPTION
Number of Pages 294-304
650 ## - SUBJECT ADDED ENTRY--TOPICAL TERM
Topical Term Phospholipid
700 ## - ADDED ENTRY--PERSONAL NAME
Personal name Dupont J
700 ## - ADDED ENTRY--PERSONAL NAME
Personal name Lance C
942 ## - ADDED ENTRY ELEMENTS (KOHA)
Koha item type Reprints
Holdings
Withdrawn status Lost status Damaged status Not for loan Home library Current library Shelving location Date acquired Serial Enumeration / chronology Accession Number Koha item type
      Reprints RRII Library RRII Library Physiology 22/12/2021 Volume 345, Issue P00067 Reprints